000
00317 a2200157 4500
001
62669
020
_a
18092012
040
_c
Anchieta - Pituba
100
_a
Prof, Melo Sérgio
240
1
0
_a
Química 2014
_l
por
245
1
0
_a
Química 2014
300
_a
192
362
0
_a
2014
650
4
_a
Química
942
_c
BK
999
_c
62669
_d
62669